Statistics for Video Game Titles by Antonyms

Click here to take the quiz!

General Stats

  • This quiz has been taken 41 times
  • The average score is 8 of 16

Answer Stats

AntonymGame% Correct
Slowpoke the PorcupineSonic the Hedgehog
97%
Noisy ValleySilent Hill
81%
Banjo VillainGuitar Hero
73%
Quarter-DeathHalf-Life
73%
PingPong
68%
Wooden Bare LiquidMetal Gear Solid
62%
First RealityFinal Fantasy
59%
Mini WomanMega Man
51%
Inferior Vegetable GirlSuper Meat Boy
49%
Time DefendersSpace Invaders
46%
Vagabond NiceResident Evil
38%
Sidewalk LoverStreet Fighter
30%
Youthful NecklaceElden Ring
22%
BurybreakMinecraft
19%
Days out of NightmaresNights into Dreams
16%
Void of PeacemakingWorld of Warcraft
14%

Score Distribution

Percentile by Number Answered

Percent of People with Each Score

Your Score History

You have not taken this quiz